Milton Keynes Quiz - Statistics

General Stats
  • This quiz has been taken 80 times
  • The average score is 9 of 15
Answer Stats
Hint Answer % Correct
Town that borders MK, home of the codebreakers Bletchley
96%
True or false: MK gets it's name from one of the local villages? True
90%
County that MK sits in Buckinghamshire
82%
you can reach this city by direct train line London
82%
Milton Keynes sits directly between four famous English cities: London, Birmingham, Cambridge, and what? Oxford
82%
Spanish bank company who have a national headquarters in the city Santander
76%
Pyramid shaped listed building, once home to a cinema and nightclubs The Point
69%
which train station does it terminate at? London Euston
68%
Olympic long jumper born in Milton Keynes Greg Rutherford
59%
Town that borders MK, home of the rail works and the royal train Wolverton
56%
Milton Keynes is known for two things in particular: Roundabouts and: Concrete Cows
54%
Roman road that goes through MK Watling Street
38%
Milton Keynes is a certain type of town, built after the war. what is it? New town
34%
nearby town that is home to the song "amazing grace" Olney
31%
This place encompasses four of the estates and is mentioned in the Domesday book Shenley
18%
No matching quizzes found
Score Distribution
Percent of People with Each Score
Percentile by Number Answered
Your Score History
You have not taken this quiz